| 000 | 00425nam a22001817a 4500 | ||
|---|---|---|---|
| 003 | OSt | ||
| 008 | 250411b |||||||| |||| 00| 0 eng d | ||
| 020 | _a9789358705843 | ||
| 082 | _a425.007 BHE | ||
| 100 | _aBHARDWAJ,AP | ||
| 245 | _aEnglish for all Students of Engineering | ||
| 250 | _a1st Ed | ||
| 260 |
_aNew Delhi _bS.Chand _c2024 |
||
| 300 | _a431 | ||
| 650 | _aEnglish | ||
| 700 | _aKHARE,Asha | ||
| 942 |
_2ddc _cBK |
||
| 999 |
_c13283 _d13283 |
||